| 000 | 00618nam a2200217 a 4500 | ||
|---|---|---|---|
| 005 | 20140310182410.0 | ||
| 008 | 130711s19uu xx 00 eng d | ||
| 020 | _a9781405844093 | ||
| 100 | _aStraker, Anita | ||
| 245 | 0 |
_aExploring Maths 2 : _bhome book / _cAnita Straker. |
|
| 260 |
_aGreat Britain, Scotprint : _bPearson Longman, _cc2008. |
||
| 300 | _a128 p. | ||
| 650 |
_aMeasurement _xMathemitics |
||
| 650 |
_aForms _xMathematics |
||
| 650 |
_aProbabilities _xmathematics |
||
| 700 | _aFisher, Tony | ||
| 700 | _aHyde, Roslyn | ||
| 700 | _aJennings, Sue | ||
| 700 | _aLongstaffe, Jonathan | ||
| 942 | _cBK | ||
| 999 |
_c12824 _d12824 |
||